Yaxley v Gotts and another (Record no. 62153)

MARC details
000 -LEADER
fixed length control field 01431cam a2200217 4500
001 - CONTROL NUMBER
control field ABS61727
008 - FIXED-LENGTH DATA ELEMENTS--GENERAL INFORMATION
fixed length control field 000000n1999 000 0 eng u
035 ## - SYSTEM CONTROL NUMBER
System control number (Sirsi) u103446
245 ## - TITLE STATEMENT
Title Yaxley v Gotts and another
260 ## - PUBLICATION, DISTRIBUTION, ETC.
Date of publication, distribution, etc. 1999
490 ## - SERIES STATEMENT
Series statement Weekly Law Reports
Volume/sequential designation [1999] 3 WLR, 1217-1243(14)
520 ## - SUMMARY, ETC.
Summary, etc. CA 24 June 1999. The 2nd defendant offered Y (a builder) the ground floor of a house he proposed to purchase, on condition that Y would convert the property into flats and then manage them. The offer was made verbally. In fact, it was the second defendant's son, G, who purchased the property. Y believed the second defendant to be the owner and supplied materials, labour and management services. Y and G subsequently fell out, and G refused to grant Y an interest in his property. The judge granted Y ownership, due to proprietary estoppel and ordered G to grant a 99 year lease to Y. The defendants appealed under the Law of Property (Miscellaneous Provisions) Act 1989 s2, which requires all contracts for sale of disposal of land to be made in writing. Appeal held, as oral agreements can be enforced under a constructive trust.
590 ## - LOCAL NOTE (RLIN)
Local note ABS
650 ## - SUBJECT ADDED ENTRY--TOPICAL TERM
Topical term or geographic name entry element CONSTRUCTIVE TRUSTS
650 ## - SUBJECT ADDED ENTRY--TOPICAL TERM
Topical term or geographic name entry element ESTOPPEL
650 ## - SUBJECT ADDED ENTRY--TOPICAL TERM
Topical term or geographic name entry element YAXLEY V GOTTS AND ANOTHER
650 ## - SUBJECT ADDED ENTRY--TOPICAL TERM
Topical term or geographic name entry element LAW OF PROPERTY (MISCELLANEOUS PROVISIONS) ACT 1989 S2
650 ## - SUBJECT ADDED ENTRY--TOPICAL TERM
Topical term or geographic name entry element ORAL AGREEMENT
690 ## - LOCAL SUBJECT ADDED ENTRY--TOPICAL TERM (OCLC, RLIN)
Topical term or geographic name as entry element PROPERTY AND LAND LAW-CASE LAW
942 ## - ADDED ENTRY ELEMENTS (KOHA)
Suppress in OPAC 0
Holdings
Withdrawn status Lost status Source of classification or shelving scheme Damaged status Not for loan Home library Current library Shelving location Date acquired Total Checkouts Full call number Barcode Date last seen Copy number Price effective from Koha item type
    Dewey Decimal Classification     London London Journal article 07/01/2000   ABS61727 103446-1001 06/08/2019 1 06/08/2019 Law report